000 00865nam a2200253 i 4500
001 bg
100 1 _aSZPRINGER, Włodzimierz
245 1 0 _aOchrona klienta usług bankowych w Unii Europejskiej i w Polsce /
_cWłodzimierz Szpringer.
260 _aWarszawa :
_bTWIGGER,
_c1999.
490 1 _aBiblioteka Bankowca
504 _aBibliogr. s. 320-326.
650 9 _aKonsumenci (ekon.)
_xochrona
_xprawo
_zPolska
_yod 1989 r.
650 9 _aKonsumenci (ekon.)
_xochrona
_xprawo wspólnotowe europejskie
_yod 1989 r.
650 9 _aBanki
_xprawo
_zPolska
_yod 1989 r.
650 9 _aBanki
_xprawo wspólnotowe europejskie
_yod 1989 r.
830 _aBiblioteka Bankowca
020 _a8385946330
040 _cBPK
041 0 _apl
080 _a346.54:347.734](438:4-67)"1989/..."
920 _a83-85946-33-0
942 _cKS
008 s pl f |000 0 pol
999 _c34638
_d34638
856 _uhttp://koha.tu.koszalin.pl/cgi-bin/koha/opac-detail.pl?biblionumber=34638
_yKatalog online BPK